Jämtland : (Post nr. 56997)

MARC-detaljer
000 -LEADER
fixed length control field 02606cam a2200589 a 4500
001 - CONTROL NUMBER
control field 7676648
003 - CONTROL NUMBER IDENTIFIER
control field LIBRIS
005 - DATE AND TIME OF LATEST TRANSACTION
control field 20210322153653.0
008 - FIXED-LENGTH DATA ELEMENTS--GENERAL INFORMATION
fixed length control field 011211s1997 sw |||||||||||000 0|swe|
020 ## - INTERNATIONAL STANDARD BOOK NUMBER
International Standard Book Number 9179481302
Qualifying information INB.
Terms of availability 260:00
040 ## - CATALOGING SOURCE
Original cataloging agency NB
Description conventions a
041 0# - LANGUAGE CODE
Language code of text/sound track or separate title swe
-- eng
-- ger
082 04 - DEWEY DECIMAL CLASSIFICATION NUMBER
Classification number 914.883
Edition number 22 (machine generated)
084 ## - OTHER CLASSIFICATION NUMBER
Classification number Nccc
Number source kssb/8
084 ## - OTHER CLASSIFICATION NUMBER
Classification number Nccc
Number source kssb
100 1# - MAIN ENTRY--PERSONAL NAME
Personal name Weilert, Bengt,
Dates associated with a name 1929-
Authority record control number or standard number https://libris.kb.se/b8nqrdjv3fwp7pn#it
245 00 - TITLE STATEMENT
Title Jämtland :
Remainder of title en bildbok /
Statement of responsibility, etc. av Bengt Weilert ; [översättning: David Bell ...].
250 ## - EDITION STATEMENT
Edition statement 2. uppl.
264 #1 - PRODUCTION, PUBLICATION, DISTRIBUTION, MANUFACTURE, AND COPYRIGHT NOTICE
Place of production, publication, distribution, manufacture Östersund :
Name of producer, publisher, distributor, manufacturer Jamtli/Jämtlands läns museum,
Date of production, publication, distribution, manufacture, or copyright notice 1997
264 #3 - PRODUCTION, PUBLICATION, DISTRIBUTION, MANUFACTURE, AND COPYRIGHT NOTICE
Place of production, publication, distribution, manufacture Uddevalla :
Name of producer, publisher, distributor, manufacturer Mediaprint
300 ## - PHYSICAL DESCRIPTION
Extent 96 s.
Other physical details färgill.
Dimensions 29 cm
340 ## - PHYSICAL MEDIUM
Dimensions 29 cm
546 ## - LANGUAGE NOTE
Language note Parallelltext på svenska, engelska och tyska
651 #4 - SUBJECT ADDED ENTRY--GEOGRAPHIC NAME
Geographic name Jämtland
651 #4 - SUBJECT ADDED ENTRY--GEOGRAPHIC NAME
Geographic name Jämtland
700 1# - ADDED ENTRY--PERSONAL NAME
Personal name Bell, David
Relationship trl
710 2# - ADDED ENTRY--CORPORATE NAME
Corporate name or jurisdiction name as entry element Jämtlands läns museum
Relator term unspecifiedContributor
Relationship oth
775 1# - OTHER EDITION ENTRY
International Standard Book Number 91-7948-117-5
Record control number 9179481175
887 ## - NON-MARC INFORMATION FIELD
Content of non-MARC field {"@id":"xf74dkv83z49j77","modified":"2019-06-12T17:27:35.164+02:00","checksum":"161799826255"}
Source of data librisxl
887 ## - NON-MARC INFORMATION FIELD
Content of non-MARC field {"@id":"lqw45jhr4q6n25b","modified":"2018-06-05T12:12:16.801+02:00","checksum":"60066090945"}
Source of data librisxl
887 ## - NON-MARC INFORMATION FIELD
Content of non-MARC field {"@id":"nsz67lkt0t8djcm","modified":"2018-06-05T12:12:16.805+02:00","checksum":"64530400017"}
Source of data librisxl
887 ## - NON-MARC INFORMATION FIELD
Content of non-MARC field {"@id":"pt078mlv4bvp47f","modified":"2018-06-05T12:12:16.809+02:00","checksum":"52470872366"}
Source of data librisxl
887 ## - NON-MARC INFORMATION FIELD
Content of non-MARC field {"@id":"qv189nmw4mtvrnz","modified":"2018-06-05T12:12:16.812+02:00","checksum":"62440564378"}
Source of data librisxl
887 ## - NON-MARC INFORMATION FIELD
Content of non-MARC field {"@id":"rw29bpnx227qmmv","modified":"2018-06-05T12:12:16.815+02:00","checksum":"53113173723"}
Source of data librisxl
887 ## - NON-MARC INFORMATION FIELD
Content of non-MARC field {"@id":"04bcp2w55ltz0fm","modified":"2009-06-03T14:31:24+02:00","checksum":"82091346440"}
Source of data librisxl
887 ## - NON-MARC INFORMATION FIELD
Content of non-MARC field {"@id":"sx3bcqpz115kqjq","modified":"2018-06-05T12:12:16.818+02:00","checksum":"54154524979"}
Source of data librisxl
942 ## - ADDED ENTRY ELEMENTS (KOHA)
Source of classification or shelving scheme Other/Generic Classification Scheme
Koha item type Bok
Bestånd
Withdrawn status Lost status Source of classification or shelving scheme Damaged status Not for loan Home library Current library Date acquired Total Checkouts Full call number Barcode Date last seen Price effective from Koha item type
    Other/Generic Classification Scheme     Karlskoga Lasarettsbibliotek Karlskoga Lasarettsbibliotek 22/03/2021   N 89005382218A5 22/03/2021 22/03/2021 Bok
Medicinska biblioteket, Karlskoga lasarett
Måndag och onsdag: 10.00-14.30, Lunchstängt 11.30-12.00.
Fredagar: 10.00-12.00.

Madelene Ribbing, bibliotekarie
Lena Mileraux, biblioteksassistent/administratör
0586-664 49
medbibl.kgalas@regionorebrolan.se




Medicinska biblioteket, Lindesbergs lasarett
Dörren till bibliotket är upplåst mellan 07-16:00 på vardagar.
Dörren i hisshallen är öppen måndag - tosdag 7.00 - 15.00. Fredagar stängt.

Bibliotekets bemanning:
Mån: självbetjäning
Tis, ons och tors: 10-15
Fre: självbetjäning

Madelene Ribbing, bibliotekarie
Telefon: 0581-853 11, 072-14 77 552
medbibl.lbglas@regionorebrolan.se